000 00666nam a2200205 i 4500
001 177184
003 ES-MaACL
005 20230906220255.0
008 110308s1967 sp |||| | spa d
080 _a821.134.2-311.2"19"
100 1 _aSueiro, Daniel.
_9108725
245 1 0 _aSolo de moto /
_cDaniel Sueiro.
260 _a[Madrid :
_bAlfaguara],
_c1967.
300 _a126 p. ;
_c17 cm.
490 1 _aLa novela popular. Contemporánea, inédita, española ;
_v59
830 0 _aLa novela popular. Contemporánea, inédita, española ;
_v59
_9188024
852 _aES-MaACL
_jE-14605
_xOlim P-213-Ter
852 _aES-MaACL
_jP-409-41
999 _c177184
_d177184